LEADER 06150nam 2200709 a 450 001 9910457493103321 005 20210422213135.0 010 $a1-283-44144-6 010 $a9786613441447 010 $a0-203-12887-7 010 $a1-136-47126-X 035 $a(CKB)2550000000087535 035 $a(EBL)958397 035 $a(OCoLC)824469351 035 $a(SSID)ssj0000598718 035 $a(PQKBManifestationID)12199540 035 $a(PQKBTitleCode)TC0000598718 035 $a(PQKBWorkID)10591491 035 $a(PQKB)11556222 035 $a(MiAaPQ)EBC958397 035 $a(EXLCZ)992550000000087535 100 $a20110822d2012 uy 0 101 0 $aeng 135 $aur|n|---||||| 181 $ctxt 182 $cc 183 $acr 200 00$aCarbon markets or climate finance?$b[electronic resource] $elow carbon and adaptation investment choices for the developing world /$fedited by Axel Michaelowa 210 $aOxon [England] $cRoutledge$d2012 215 $a1 online resource (321 p.) 225 1 $aRoutledge explorations in environmental economics ;$v34 300 $aDescription based upon print version of record. 311 $a0-415-74343-5 311 $a1-84971-474-6 320 $aIncludes bibliographical references and index. 327 $aCarbon Markets or Climate Finance? Low carbon and adaptation investment choices for the developing world; Copyright; Contents; List of boxes; List of figures; List of tables; Notes on contributors; Preface: climate finance at the crossroads between market mechanisms and public funding vehicles; Acknowledgements; Acronyms and abbreviations; 1 The Clean Development Mechanism gold rush; 1 The CDM: from Cinderella to fairy princess; 2 What were the reasons for the CDM gold rush?; 3 Which technologies and countries benefited the most? 327 $a4 In which fields did the CDM underperform and would need reform?5 The risk of marginalization of the CDM; 6 Future climate finance: key lessons from the CDM gold rush; 7 There is life after the gold rush: how a maturing CDM can become the cornerstone of global climate policy; 2 Development cooperation and climate change: political- economic determinants of adaptation aid; 1 Introduction; 2 Adaptation versus mitigation aid: why donors might behave differently; 3 The data; 4 Econometric analysis; 5 Conclusions 327 $a3 How Brazil and China have financed industry development and energy security initiatives that support mitigation objectives1 Introduction; 2 The Brazilian National Alcohol Programme ProAlcool; 3 Wind power development in China; 4 Lessons for financing emission reduction initiatives in developing countries; 5 Concluding remarks; 4 The Adaptation Fund: towards resilient economies in the developing world; 1 Introduction; 2 The UN Framework Convention on Climate Change and Kyoto Protocol provisions on adaptation; 3 Financial needs for adaptation in developing countries 327 $a4 The Adaptation Fund under the Kyoto Protocol5 The importance of capacity building and enabling conditions; 6 Regional approach to access modality; 7 The challenge of defining most vulnerable countries; 8 Lessons learned from the Adaptation Fund and policy implications for the Green Climate Fund; 9 Conclusions; 5 Fast- start finance: scattered governance, information and programmes; 1 Introduction: how fast- start finance has emerged; 2 Fast- start finance: overview of current knowledge; 3 Governance and transparency of fast- start finance 327 $a4 Sourcing of 'new and additional' fast- start finance5 Channelling of fast- start funding: decentralized structures; 6 Spending fast- start finance: scattered programmes and unknown effectiveness; 7 Conclusions; 6 New market mechanisms for mitigation: getting the incentives right; 1 Introduction; 2 Functioning of new market mechanisms; 3 Incentivizing actors under new market mechanisms; 4 Incentives: instruments and measures; 5 Views of selected actors; 6 Selected experiences; 7 Implications for the concept of new market mechanisms 327 $a7 Mobilizing mitigation policies in the South through a financing mix 330 $a"After the failure of the Copenhagen conference, climate finance has become the buzzword of international climate negotiations. A "fast-track" volume of 30 billion $ has been promised by industrialised countries for emissions mitigation and adaptation activities in developing countries. A frantic race for access to these funds has begun with little consideration of how an effective allocation could be achieved. This could lead to a backlash against climate finance once the first headlines about misuse of funds appear. This book builds on a decade-long experience with mechanisms provided by the Kyoto Protocol and the UN Framework Convention on Climate Change. It discusses the challenges of climate finance in the context of the post-Copenhagen negotiations and provides a long-term outlook of how climate finance in developing countries could develop. Written by climate finance experts from academia, carbon finance businesses and international organisations, the book provides background, firsthand insights, case studies and analysis into the complex subject area of climate finance"--$cProvided by publisher. 410 0$aRoutledge explorations in environmental economics ;$v34. 606 $aEmissions trading$zDeveloping countries 606 $aEnvironmental impact charges$zDeveloping countries 606 $aCarbon dioxide mitigation$zDeveloping countries 606 $aGreenhouse effect, Atmospheric$xInternational cooperation 608 $aElectronic books. 615 0$aEmissions trading 615 0$aEnvironmental impact charges 615 0$aCarbon dioxide mitigation 615 0$aGreenhouse effect, Atmospheric$xInternational cooperation. 676 $a363.738/746091724 676 $a363.738746091724 701 $aMichaelowa$b Axel$0485527 801 0$bMiAaPQ 801 1$bMiAaPQ 801 2$bMiAaPQ 906 $aBOOK 912 $a9910457493103321 996 $aCarbon markets or climate finance$92248340 997 $aUNINA LEADER 06376nam 2201033 450 001 9910477144403321 005 20240103090522.0 024 7 $a10.61201/tup.737 035 $a(CKB)5470000000568498 035 $a(NjHacI)995470000000568498 035 $a(EXLCZ)995470000000568498 100 $a20230513d2020 ky 0 101 0 $afin 135 $aur||||||||||| 181 $ctxt$2rdacontent 182 $cc$2rdamedia 183 $acr$2rdacarrier 200 00$aElämää sinnittelevässä pikkukaupungissa $evarkautelaisten arki ja hyvinvointi /$ftoimittaneet Vilma Hänninen, Antti Kouvo & Pekka Kuusela 210 1$aTampere, Finland :$cTampere University Press,$d[2020] 215 $a1 verkkoaineisto (319 sivua) $ckuvitettu 300 $aVertaisarvioitu. 300 $aRefereed. 300 $aPeer-reviewed. 311 08$aPainettu: 9789523590250 320 $aSisältää bibliografisia viitteitä. 330 $aTa?ssa? kymmenesta? artikkelista koostuvassa kokoomateoksessa tarkastellaan Varkautta rakennemuutoksen kanssa kamppailevana pienena? kaupunkina historiallisia dokumentteja seka? vuosina 2016-2017 kera?ttyja? kysely- ja haastatteluaineistoa hyo?dynta?en. Pitka?n teollisuushistorian omaava Varkauden kaupunki on ta?ma?n vuosituhannen ensimma?isina? vuosikymmenina? menetta?nyt suuren osan teollisista tyo?paikoistaan ja sen va?esto? on supistunut voimakkaasti. Kuitenkin koko aikuisva?esto?a? edustava kysely kertoo, etta? varkautelaiset ovat tyypillisesti tyytyva?isia? tyo?ho?nsa?, sosiaalisiin suhteisiinsa ja ela?ma?a?nsa? muutenkin. Varkaus na?hda?a?n turvallisena ja hyva?n ela?ma?n puitteet tarjoavana asuinpaikkana. Hyvinvoinnin ta?rkeita? osatekijo?ita? ovat parisuhde ja muut sosiaaliset suhteet. Hyvinvoinnin puutteet liittyva?t tyo?tto?myyteen, pienituloisuuteen seka? ulkopuolisuuden tunteisiin suhteessa asuinpaikkaan. Nuoret aikuiset arvostavat omaa asuinpaikkakuntaansa seka? perhe- ja sukulaisuussuhteitaan, mutta arkiela?ma?a?n liittyy ja?nnitteita? tyo?n ja toimeentulon osalta. Varkauden rauhallisuutta ja luonnonla?heisyytta? arvostetaan, mutta monet toivoivat silta? myo?s enemma?n kaupunkimaista syketta?. 330 $aThe ten articles in this edited volume examine the city of Varkaus as a small city struggling with structural change using historical documents as well as survey and interview data. The city of Varkaus, which has a long industrial history, has lost a large part of its industrial jobs in the first decades of this millennium and its population has fallen sharply in recent years. However, a survey of the adult population shows that the inhabitants of Varkaus are typically satisfied with their work, with their social relationships and their lives in general. Varkaus is seen as a safe and good living environment. A central element of well-being is couple relationship, as well as other social relationships. The lack of well-being often stems from unemployment, low income and feelings of not belonging to the place of residence. Young adults value their place of residence as well as their family relationships, but there are tensions in their life regarding work and income. The tranquility and proximity to nature of Varkaus are appreciated, but there are also many who long for more urban heartbeat in their hometown. 606 $apikkukaupungit$3http://www.yso.fi/onto/yso/p12059$2yso/fin 606 $ateollisuuskaupungit$3http://www.yso.fi/onto/yso/p27629$2yso/fin 606 $aarki$3http://www.yso.fi/onto/yso/p22039$2yso/fin 606 $asosiaaliset suhteet$3http://www.yso.fi/onto/yso/p411$2yso/fin 606 $atyöelämä$3http://www.yso.fi/onto/yso/p16262$2yso/fin 606 $aperhesuhteet$3http://www.yso.fi/onto/yso/p16436$2yso/fin 606 $akaupunkiväestö$3http://www.yso.fi/onto/yso/p18766$2yso/fin 606 $ahyvinvointi$3http://www.yso.fi/onto/yso/p1947$2yso/fin 606 $akoettu hyvinvointi$3http://www.yso.fi/onto/yso/p30522$2yso/fin 606 $anuoret aikuiset$3http://www.yso.fi/onto/yso/p15979$2yso/fin 606 $akaupunkisosiologia$3http://www.yso.fi/onto/yso/p330$2yso/fin 606 $akaupunkitutkimus$3http://www.yso.fi/onto/yso/p16330$2yso/fin 606 $asmåstäder$3http://www.yso.fi/onto/yso/p12059$2yso/swe 606 $aindustristäder$3http://www.yso.fi/onto/yso/p27629$2yso/swe 606 $avardag$3http://www.yso.fi/onto/yso/p22039$2yso/swe 606 $asociala relationer$3http://www.yso.fi/onto/yso/p411$2yso/swe 606 $aarbetsliv$3http://www.yso.fi/onto/yso/p16262$2yso/swe 606 $afamiljeförhållanden$3http://www.yso.fi/onto/yso/p16436$2yso/swe 606 $astadsbefolkning$3http://www.yso.fi/onto/yso/p18766$2yso/swe 606 $avälfärd$3http://www.yso.fi/onto/yso/p1947$2yso/swe 606 $aupplevt välbefinnande$3http://www.yso.fi/onto/yso/p30522$2yso/swe 606 $aunga vuxna$3http://www.yso.fi/onto/yso/p15979$2yso/swe 606 $aurban sociologi$3http://www.yso.fi/onto/yso/p330$2yso/swe 606 $astadsforskning$3http://www.yso.fi/onto/yso/p16330$2yso/swe 607 $aVarkaus (kaupunki)$2yso/fin 607 $aVarkaus$2yso/swe 615 7$apikkukaupungit. 615 7$ateollisuuskaupungit. 615 7$aarki. 615 7$asosiaaliset suhteet. 615 7$atyöelämä. 615 7$aperhesuhteet. 615 7$akaupunkiväestö. 615 7$ahyvinvointi. 615 7$akoettu hyvinvointi. 615 7$anuoret aikuiset. 615 7$akaupunkisosiologia. 615 7$akaupunkitutkimus. 615 7$asmåstäder. 615 7$aindustristäder. 615 7$avardag. 615 7$asociala relationer. 615 7$aarbetsliv. 615 7$afamiljeförhållanden. 615 7$astadsbefolkning. 615 7$avälfärd. 615 7$aupplevt välbefinnande. 615 7$aunga vuxna. 615 7$aurban sociologi. 615 7$astadsforskning. 676 $a658.4 702 $aHänninen$b Vilma$f1954- 702 $aKouvo$b Antti 702 $aKuusela$b Pekka 712 02$aTampere University Press, 801 0$bNjHacI 801 1$bNjHacl 801 2$bFI-Hul 906 $aBOOK 912 $a9910477144403321 996 $aEla?ma?a? sinnitteleva?ssa? pikkukaupungissa$93364176 997 $aUNINA